| 000 -ლიდერი |
| ფიქსირებული სიგრძის საკონტროლო ველი |
01570nam a2200313Ia 4500 |
| 001 - საკონტროლო ნომერი |
| საკონტროლო ველი |
21704 |
| 003 - საკონტროლო ნომრის იდენტიფიკატორი |
| საკონტროლო ველი |
GE_BSU |
| 005 - ბოლო ოპერაციის თარიღი და დრო |
| საკონტროლო ველი |
20200803140803.0 |
| 008 - ფიქსირებული სიგრძის მონაცემთა ელემენტები - ზოგადი ინფორმაცია |
| ფიქსირებული სიგრძის საკონტროლო ველი |
181216s2017||||ge |||||||||||||| ||geo|| |
| 020 ## - წიგნის საერთაშორისო სტანდარტული ნომერი |
| International Standard Book Number |
9789941276101 |
| 040 ## - კატალოგიზაციის წყარო |
| Transcribing agency |
GE_BSU |
| 041 ## - ენის კოდი |
| Language code of text/sound track or separate title |
geo |
| 080 ## - უნივერსალური ათობითი კლასიფიკაციის ინდექსი |
| Universal Decimal Classification number |
321.7+341.231.4+342.4+342.71+314.325+342.5 დ-33 |
| 100 ## - მთავარი ჩანაწერი - პიროვნების სახელი |
| Personal name |
ბუროუსი, გრიერ |
| 9 (RLIN) |
3324 |
| 245 ## - ცნობა სათაურის შესახებ |
| Title |
დემოკრატია და მოქალაქეობა : |
| Remainder of title |
საკითხავი მასალა სტუდენტებისათვის / |
| Statement of responsibility, etc |
გრიერ ბუროუსი, აბაშიძე, ზვიად., ქ. მუხიგული, ს.დუნდუა, თ. ქარაია, თ. რედ. მ. მაცაბერიძე. |
| 250 ## - გამოცემის ცნობა |
| Edition statement |
(მე-2 გამოცემა). |
| 264 ## - წარმოების, გამოცემის, დისტრიბუციის და სხვა ცნობები |
| გამოცემის, წარმოების, დისტრიბუციის... ადგილი |
თბილისი, |
| გამოცემის, წარმოების, დისტრიბუციის... თარიღი |
2017. |
| 300 ## - ფიზიკური აღწერა |
| Extent |
284 გვ. |
| Other physical details |
25 სმ. |
| 504 ## - BIBLIOGRAPHY, ETC. NOTE |
| Bibliography, etc |
ბიბლ. გვ.279-284 |
| 653 ## - INDEX TERM--UNCONTROLLED |
| Uncontrolled term |
დემოკრატია და მოქალაქეობა |
| 653 ## - INDEX TERM--UNCONTROLLED |
| Uncontrolled term |
პოლიტიკა, სამართალი. |
| 700 ## - ADDED ENTRY--PERSONAL NAME |
| Personal name |
აბაშიძე, ზვიად., , , |
| Relator term |
ავტორი |
| 9 (RLIN) |
9104 |
| 700 ## - ADDED ENTRY--PERSONAL NAME |
| Personal name |
მუხიგული, ქ. |
| Relator term |
ავტორი |
| 9 (RLIN) |
9105 |
| 700 ## - ADDED ENTRY--PERSONAL NAME |
| Personal name |
დუნდუა, ს. |
| Relator term |
ავტორი |
| 9 (RLIN) |
9106 |
| 700 ## - ADDED ENTRY--PERSONAL NAME |
| Personal name |
ქარაია, თ. |
| Relator term |
ავტორი |
| 9 (RLIN) |
9107 |
| 700 ## - ADDED ENTRY--PERSONAL NAME |
| Personal name |
მაცაბერიძე, მალხაზ |
| Relator term |
რედაქტორი |
| 9 (RLIN) |
1009 |
| 942 ## - ADDED ENTRY ELEMENTS (KOHA) |
| Koha item type |
წიგნი |
| Source of classification or shelving scheme |
|